000 00887nam a2200265Ia 4500
001 1050
003 GE_BSU
008 181216s||||||||xx |||||||||||||| ||und||
020 _a5811218257
040 _cGE_BSU
080 _a373.015.3(072)
100 _aСемаго,М.М.,Семаго,Н.Я.
245 _aДиагностико-консультативная деятельность психолога образования
245 _bМетод. пособие
245 _cПод общ. ред. М.М.Семаго
250 _a2-е изд.
260 _aМосква
260 _bАйрис-Пресс
260 _c2006
300 _a288стр.
541 _h8л.
653 _aДиагностико-консультативная деятельность психолога образования
653 _aფსიქოლოგია
942 _cBK
999 _c35204
_d35204